000 00338nam a2200157Ia 4500
100 _aKuo/James B
650 _aCMOS
942 _cRB
366 _f20
654 _acmos
245 _aLow Voltage CMOS VLSI circuits
260 _bJohn wiley and sons
_aMumbai
_c1999
082 _a621.395/KUO
_bKUO
300 _a439
546 _aENGLISH
999 _c34069
_d34069